| 000 | 00706nam a2200181Ia 4500 | ||
|---|---|---|---|
| 008 | 100920s9999 xx 000 0 und d | ||
| 082 |
_b68037 _a330 थ 88 |
||
| 100 | _aअनु. हिवरगांवकर बळवंत रामचंद्र. | ||
| 245 | _aकौटिलीय अर्थशास्त्र. | ||
| 260 |
_bवरदा बुक्स ,पुणे. _c1988 |
||
| 300 |
_a250 _bसाधी |
||
| 365 | _b400 | ||
| 520 | _aअर्थशास्त्र. | ||
| 630 | _aकौटिलीय अर्थशास्त्र. | ||
| 650 | _aअर्थशास्त्र. | ||
| 730 | _aकौटिलीय अर्थशास्त्र. | ||
| 942 | _cBOOK | ||
| 999 |
_c710396 _d710393 |
||